Los Incas / (Record no. 18614)

MARC details
000 -LEADER
fixed length control field 01519cam a2200445 a 4500
001 - CONTROL NUMBER
control field sjds17444764
003 - CONTROL NUMBER IDENTIFIER
control field sjds
005 - DATE AND TIME OF LATEST TRANSACTION
control field 20170720150649.0
008 - FIXED-LENGTH DATA ELEMENTS--GENERAL INFORMATION
fixed length control field 910911s1988 iluab j 001 0 spa
010 ## - LIBRARY OF CONGRESS CONTROL NUMBER
LC control number 85-006712 /AC
020 ## - INTERNATIONAL STANDARD BOOK NUMBER
International Standard Book Number 0516312685
Qualifying information library binding
Terms of availability $8.95
020 ## - INTERNATIONAL STANDARD BOOK NUMBER
International Standard Book Number 0516512684
Qualifying information paperback
020 ## - INTERNATIONAL STANDARD BOOK NUMBER
International Standard Book Number 9780516512686 (pbk.)
040 ## - CATALOGING SOURCE
Original cataloging agency CWoY
Language of cataloging eng
Transcribing agency CWoY
041 1# - LANGUAGE CODE
Language code of text/sound track or separate title spa
Language code of original ng
043 ## - GEOGRAPHIC AREA CODE
Geographic area code s------
050 0# - LIBRARY OF CONGRESS CALL NUMBER
Classification number F3429.M43 1988
082 0# - DEWEY DECIMAL CLASSIFICATION NUMBER
Classification number 985/.01
Edition number 19
092 ## - LOCALLY ASSIGNED DEWEY CALL NUMBER (OCLC)
Classification number SP J985 MCK
092 ## - LOCALLY ASSIGNED DEWEY CALL NUMBER (OCLC)
Classification number SP J 985 MCK
100 1# - MAIN ENTRY--PERSONAL NAME
Personal name McKissack, Pat,
Dates associated with a name 1944-2017.
240 10 - UNIFORM TITLE
Uniform title <a href="Inca.">Inca.</a>
Language of a work Spanish.
245 14 - TITLE STATEMENT
Title Los Incas /
Statement of responsibility, etc. por Patricia McKissack ; traductor, Roberto Franco.
260 ## - PUBLICATION, DISTRIBUTION, ETC. (IMPRINT)
Place of publication, distribution, etc. Chicago :
Name of publisher, distributor, etc. Childrens Press,
Date of publication, distribution, etc. c1988.
300 ## - PHYSICAL DESCRIPTION
Extent 45 pages :
Other physical details illustrations (some color), map ;
Dimensions 22 cm.
336 ## - CONTENT TYPE
Content type term text
Content type code txt
Source rdacontent.
337 ## - MEDIA TYPE
Media type term unmediated
Media type code n
Source rdamedia.
338 ## - CARRIER TYPE
Carrier type term volume
Carrier type code nc
Source rdacarrier.
490 1# - SERIES STATEMENT
Series statement Asi es mi mundo.
500 ## - GENERAL NOTE
General note Translation of: The Inca.
500 ## - GENERAL NOTE
General note Includes index.
520 ## - SUMMARY, ETC.
Summary, etc. Traces the rise of the Incan civilization with emphasis on their culture, social structure, government, economy, and the fatal encounter with the Spanish conquistadors which brought about the end of their society.
650 #0 - SUBJECT ADDED ENTRY--TOPICAL TERM
Topical term or geographic name as entry element Incas
Form subdivision Juvenile literature.
650 #0 - SUBJECT ADDED ENTRY--TOPICAL TERM
Topical term or geographic name as entry element Incas.
650 #0 - SUBJECT ADDED ENTRY--TOPICAL TERM
Topical term or geographic name as entry element Indians of South America.
650 #0 - SUBJECT ADDED ENTRY--TOPICAL TERM
Topical term or geographic name as entry element Spanish language
Form subdivision Texts.
650 #1 - SUBJECT ADDED ENTRY--TOPICAL TERM
Topical term or geographic name as entry element Spanish language materials.
830 #0 - SERIES ADDED ENTRY--UNIFORM TITLE
Uniform title Asi es mi mundo.
942 ## - ADDED ENTRY ELEMENTS (KOHA)
Source of classification or shelving scheme Dewey Decimal Classification
Koha item type Libro/Book
Holdings
Withdrawn status Lost status Damaged status Not for loan Home library Current library Date acquired Inventory number Total Checkouts Full call number Barcode Date last seen Price effective from Koha item type
        Barbudos -- Satellite Barbudos -- Satellite 20/07/2017 Inventory date: 7/7/25   985/.01 35801542 16/02/2022 20/07/2017 Libro/Book

Powered by Koha